|
|
|
|
| LEADER |
00000nam0a2200000 4500 |
| 001 |
216619 |
| 005 |
20231031194319.0 |
| 010 |
|
|
|a 9785238023120
|
| 035 |
|
|
|a (RuTPU)RU\TPU\book\236591
|
| 090 |
|
|
|a 216619
|
| 100 |
|
|
|a 20120528d2012 k y0rusy50 ca
|
| 101 |
0 |
|
|a rus
|
| 102 |
|
|
|a RU
|
| 105 |
|
|
|a a z 001zy
|
| 200 |
1 |
|
|a Налоговые системы. Методология развития
|f под ред. И. А. Майбурова, Ю. Б. Иванова
|
| 210 |
|
|
|a Москва
|c ЮНИТИ
|d 2012
|
| 215 |
|
|
|a 460 с.
|c ил.
|
| 225 |
1 |
|
|a Magister
|
| 320 |
|
|
|a Библиография в примечаниях.
|
| 330 |
|
|
|a Монография подготовлена коллективом ведущих отечественных и зарубежных специалистов в сфере налогообложения для формирования облика новой магистерской дисциплины. Рассмотрены теоретические аспекты развития налоговых систем. Сформулированы новые методологические положения реформирования налоговых систем в условиях усиления налоговой конкуренции. Проанализирована специфика налоговых реформ как инструмента актуализации налоговых систем. Сформулированы новые теоретико-методологические положения налогового администрирования и корпоративного налогового менеджмента. Обоснованы пути решения актуальных проблем развития налоговых систем. Рассмотрен ряд теоретико-методологических вопросов развития налогового федерализма. Для магистрантов, аспирантов, преподавателей экономических специальностей вузов, а также специалистов в сфере налогов и налогообложения.
|
| 606 |
1 |
|
|a Налоговая система
|2 stltpush
|3 (RuTPU)RU\TPU\subj\36470
|
| 610 |
1 |
|
|a налоги
|
| 610 |
1 |
|
|a финансы
|
| 610 |
1 |
|
|a доходы
|
| 610 |
1 |
|
|a налоги
|
| 610 |
1 |
|
|a налогообложение
|
| 610 |
1 |
|
|a налогоплательщики
|
| 610 |
1 |
|
|a налоговые льготы
|
| 610 |
1 |
|
|a формирование
|
| 610 |
1 |
|
|a реформирование
|
| 610 |
1 |
|
|a методология
|
| 610 |
1 |
|
|a налоговая реформа
|
| 610 |
1 |
|
|a фискальные риски
|
| 610 |
1 |
|
|a налоговый менеджмент
|
| 610 |
1 |
|
|a налоговое администрирование
|
| 610 |
1 |
|
|a досудебное урегулирование
|
| 610 |
1 |
|
|a налоговый механизм
|
| 610 |
1 |
|
|a налоговый потенциал
|
| 610 |
1 |
|
|a Украина
|
| 610 |
1 |
|
|a Белоруссия
|
| 610 |
1 |
|
|a монографии
|
| 686 |
|
|
|a У9(2)261.4
|v LBC/SL-A
|2 rubbk
|
| 702 |
|
1 |
|a Майбуров
|b И. А.
|g Игорь Анатольевич
|4 340
|
| 702 |
|
1 |
|a Иванов
|b Ю. Б.
|g Юрий Борисович
|4 340
|
| 801 |
|
1 |
|a RU
|b 63413507
|c 20120528
|
| 801 |
|
2 |
|a RU
|b 63413507
|c 20150522
|g RCR
|
| 900 |
|
|
|a Налоги и налогообложение
|
| 942 |
|
|
|c BK
|
| 959 |
|
|
|a 84/20120528
|d 2
|e 800,00
|f ЧЗГЛ:1
|f АНЛ:1
|